000 00671nam a2200217 a 4500
005 20240228063845.0
008 031016s2000 mx r 000 0 spa d
020 _a9681662342
035 _aUPN01000130254
049 _aI
050 4 _aPZ71
_bK5.9
100 1 _aKitamura, Satoshi,
_d1956-
_933149
245 1 1 _a¿Yo y mi gato?
_cSatoshi Kitamura ; tr. Maia Miret.
260 _aMéxico :
_bFCE,
_c2000.
300 _a[29] p. :
_bprincipalmente il. col.
440 4 _aLos especiales de a la orilla del viento
534 _pTraducción de:
_tMe and my cat?
650 4 _aCuentos infantiles
_96744
650 4 _aLibros y lectura para niños
_92290
905 _aInfantil
999 _c102411
_d102411